Tikinti peoseslərinin texnoloji layihəndirilməsi (Record no. 416)
[ view plain ]
| 000 -LEADER | |
|---|---|
| fixed length control field | 02986nam a2200349 4500 |
| 003 - CONTROL NUMBER IDENTIFIER | |
| control field | OSt |
| 005 - DATE AND TIME OF LATEST TRANSACTION | |
| control field | 20260512083746.0 |
| 008 - FIXED-LENGTH DATA ELEMENTS--GENERAL INFORMATION | |
| fixed length control field | 260512b |||||||| |||| 00| 0 aze d |
| 040 ## - CATALOGING SOURCE | |
| Original cataloging agency | AZ-XaKU |
| Language of cataloging | aze |
| Transcribing agency | AZ-XaKU |
| 041 ## - LANGUAGE CODE | |
| Language code of text/sound track or separate title | aze |
| 050 14 - LIBRARY OF CONGRESS CALL NUMBER | |
| Classification number | TH490 .F2595 2023 |
| 100 1# - MAIN ENTRY--PERSONAL NAME | |
| Personal name | Fərzəliyev, S.A, |
| Relator term | müəllif. |
| 245 1# - TITLE STATEMENT | |
| Title | Tikinti peoseslərinin texnoloji layihəndirilməsi |
| Statement of responsibility, etc. | / S.A.Fərzəliyev, F.Ə,Vəliyev ; Baş redaktor Ə.M.Bələgözov ; rəyçilər S.Qəniyeva, Ə.M.Bələgözov, Ə.M.Allahverdiyev |
| 264 ## - PRODUCTION, PUBLICATION, DISTRIBUTION, MANUFACTURE, AND COPYRIGHT NOTICE | |
| Place of production, publication, distribution, manufacture | Bakı: |
| Name of producer, publisher, distributor, manufacturer | "Azəri", |
| Date of production, publication, distribution, manufacture, or copyright notice | 2023. |
| 300 ## - PHYSICAL DESCRIPTION | |
| Extent | 144 səhifə ; |
| Dimensions | 20,5 sm. |
| 336 ## - CONTENT TYPE | |
| Content type term | text |
| Content type code | txt |
| Source | rdacontent |
| 337 ## - MEDIA TYPE | |
| Media type term | unmediated |
| Media type code | n |
| Source | rdamedia |
| 338 ## - CARRIER TYPE | |
| Carrier type term | volume |
| Carrier type code | nc |
| Source | rdacarrier |
| 504 ## - BIBLIOGRAPHY, ETC. NOTE | |
| Bibliography, etc. note | İstifadə olunmuş ədəbiyyatlar: s. 141-143 |
| 505 0# - Formatted Contents Note | |
| Formatted contents note | Fəsil 1. Tikinti istehsalatının xüsusiyyətləri -- Fəsil 2. Əmək resursları və əməyin təşkili -- Fəsil 3. Tikinti proseslərinin texnoloji layihələndirilməsi -- Fəsil 4. Nəqliyyat işləri -- Fəsil 5. Torpaq işləri -- Fəsil 6. Svay işləri -- Fəsil 7. Torpaq işlərinin istehsalı üçün tipik texnoloji xəritə. Qrutda çalanın qazılması. |
| 520 ## - SUMMARY, ETC. | |
| Summary, etc. | Təqdim olunan dərs vəsaitində, tikinti istehsalatının xüsusiyyətləri, tikinti proseslərinin texnoloji layihələndirilməsi və yeraltı işlərin texnologiyası ilə bağlı tikinti istehsalatının son nailiyyətləri nəzərə alınmaqla nəzəri biliklər toplanmışdır. Müasir tikinti istehsalatında yeni texnologiyaların tətbiqi onun texnoloji məsələlərinin öyrənilməsini aktuallaşdırır. Bu səbəbdən dərs tikinti prosesləri və işləri, onların tərkibi və quruluşu, material elementlər, tikinti istehsalatının sənayeləşdirilməsinin xüsusiyyətləri, tikinti istehsalatının normativ-texniki və texnoloji sənədləşdirilməsi, əmək resursları və əməyin təşkili, əmək proseslərinin xəritələri və onların tərkibi, tikintidə istifadə edilən nəqliyyat vasitələrinin növləri, torpaq işləri, torpağın işlənməsinin mexanikləşdirilməsi, svay işləri, tikinti istehsalatının inkişaf etdirilməsinin və təkmilləşdirilməsinin əsas istiqamətləri və s. kimi məsələlərə baxılmışdır. |
| 521 ## - TARGET AUDIENCE NOTE | |
| Target audience note | Dərs vəsaiti tikinti istehsalatının bütün istiqaməti üzrə təhsilin bakalavr və magistr pillələrində darsalanlar və bu istiqamətdə dərsverənlər üçün nəzərdə tutulmuşdur. Dərs vəsaiti həmçinin tikinti istehsalatı ilə məşğul olan tikinti təşkilatları və istehsalatda çalışan mütəxəssislər üçün də faydalı ola biləcək. |
| 650 #7 - SUBJECT ADDED ENTRY--TOPICAL TERM | |
| Topical term or geographic name entry element | Bina Tikintisi |
| Source of heading or term | AZ-XaKU |
| 655 ## - INDEX TERM--GENRE/FORM | |
| Source of term | AZ-XaKU |
| Genre/form data or focus term | Dərslik |
| 700 1# - ADDED ENTRY--PERSONAL NAME | |
| Personal name | Vəliyev, F.Ə, |
| Fuller form of name | müəllif |
| 700 1# - ADDED ENTRY--PERSONAL NAME | |
| Personal name | Bələgözov, Ə.M, |
| Fuller form of name | baş redaktor. |
| 700 1# - ADDED ENTRY--PERSONAL NAME | |
| Personal name | Qəniyeva, S. |
| Fuller form of name | rəyçi. |
| 700 1# - ADDED ENTRY--PERSONAL NAME | |
| Personal name | Bələgözov, Ə.M, |
| Fuller form of name | rəyçi. |
| 700 1# - ADDED ENTRY--PERSONAL NAME | |
| Personal name | Allahverdiyev, Ə.M, |
| Fuller form of name | rəyçi. |
| 942 ## - ADDED ENTRY ELEMENTS (KOHA) | |
| Koha item type | Book |
| Withdrawn status | Lost status | Source of classification or shelving scheme | Damaged status | Not for loan | Collection | Home library | Current library | Date acquired | Total checkouts | Full call number | Barcode | Date last seen | Copy number | Price effective from | Koha item type |
|---|---|---|---|---|---|---|---|---|---|---|---|---|---|---|---|
| Library of Congress Classification | General Collection | Karabakh University Main Library | Karabakh University Main Library | 05/12/2026 | TH490 .F2595 2023 | 0000000339 | 05/12/2026 | 1 | 05/12/2026 | Book |